000 00596nam a2200157 i 4500
001 27256
003 ES-MaACL
005 20230906153603.0
007 t|
008 030114s1889 sp ||||1| spa d
110 2 _aAsociación de Amigos de los Pobres (
_cMadrid)
_91556
245 1 0 _aReglamento de la Asociación de Amigos de los Pobres
_b: reformado y aprobado en Junta general celebrada el día 25 de enero de 1889 /
_cAsocicación de Amigos de los Pobres.
260 _aMadrid :
_b[s.n.,
_c1889] (
_fTip. de José Díaz de Lara)
300 _a16 p. ;
_c21 cm.
852 _aES-MaACL
_jFol-Laf-423
999 _c27256
_d27256